Normal view
MARC view
Entry Personal Name
001 - CONTROL NUMBER
- control field: 58289
003 - CONTROL NUMBER IDENTIFIER
- control field: OSt
005 - DATE AND TIME OF LATEST TRANSACTION
- control field: 20251217111357.0
008 - FIXED-LENGTH DATA ELEMENTS
- fixed length control field: 251217|| aca||aabn | a|a d
040 ## - CATALOGING SOURCE
- Original cataloging agency: OSt
- Transcribing agency: OSt
100 ## - HEADING--PERSONAL NAME
- Personal name: Könönen, Jukka
670 ## - SOURCE DATA FOUND
- Source citation: Work cat.: (OSt)527771: Könönen, Jukka , Removals of ‘dangerous’ mobile EU citizens: Public order and security as a police paradigm
